[Event "Skopje MKD"]
[Site "Skopje MKD"]
[Date "2014.04.05"]
[Round "9.37"]
[White "Kanmazalp, Ogulcan"]
[Black "Pastar, Slaven"]
[Result "1/2-1/2"]
[WhiteElo "2416"]
[BlackElo "2152"]
[PlyCount "84"]
[EventDate "2014.03.29"]
[EventType "swiss"]
[EventRounds "9"]

1. e4 c5 2. Nf3 e6 3. g3 d5 4. exd5 exd5 5. d4 Nf6 6. h3 Nc6 7. Bg2 Qe7+ 8. Be3
cxd4 9. Nxd4 Qb4+ 10. Nc3 Qxb2 11. Ndb5 Bb4 12. O-O Bxc3 13. Rb1 Qxa2 14. Nc7+
Kf8 15. Nxa8 Be5 16. f4 Bd6 17. g4 Qc4 18. Qd3 Qxd3 19. cxd3 Ke7 20. g5 Nh5 21.
Bxd5 Re8 22. Kg2 Kf8 23. Kf3 Ng3 24. Rfe1 Nf5 25. Bxc6 bxc6 26. Bxa7 Be6 27.
Nb6 Nh4+ 28. Kg3 Nf5+ 29. Kg4 Re7 30. Rxe6 fxe6 31. Nc8 h5+ 32. Kxh5 g6+ 33.
Kxg6 Rg7+ 34. Kf6 Bxf4 35. Kxe6 Rf7 36. Bc5+ Ke8 37. Nd6+ Bxd6 38. Bxd6 Nd4+
39. Ke5 Nf3+ 40. Ke6 Nd4+ 41. Ke5 Nf3+ 42. Ke6 Nd4+ 1/2-1/2

[Event "Skopje MKD"]
[Site "Skopje MKD"]
[Date "2014.04.05"]
[Round "9.38"]
[White "Karavade, Eesha"]
[Black "Percivaldi, Martin"]
[Result "1-0"]
[WhiteElo "2408"]
[BlackElo "2109"]
[PlyCount "77"]
[EventDate "2014.03.29"]
[EventType "swiss"]
[EventRounds "9"]

1. Nf3 d5 2. g3 c6 3. c4 Bg4 4. Bg2 e6 5. cxd5 Bxf3 6. Bxf3 cxd5 7. d3 Nc6 8.
O-O Nf6 9. Nc3 Be7 10. Bf4 O-O 11. Rc1 Rc8 12. Bg2 Qd7 13. a3 b6 14. e4 dxe4
15. dxe4 Qxd1 16. Rfxd1 e5 17. Be3 Rfd8 18. Nd5 Nxd5 19. Rxd5 Bd6 20. b4 Ne7
21. Rxc8 Nxc8 22. Bh3 Ne7 23. Rd2 Bc7 24. Rc2 Bb8 25. a4 Rd1+ 26. Kg2 h5 27. a5
Bd6 28. axb6 axb6 29. b5 Rb1 30. Bd7 Rb4 31. f3 f5 32. exf5 Kf8 33. Bxb6 Nd5
34. Bf2 Ke7 35. Bc6 Nf6 36. b6 h4 37. g4 Nd7 38. Bxh4+ Ke8 39. b7 1-0

[Event "Skopje MKD"]
[Site "Skopje MKD"]
[Date "2014.04.05"]
[Round "9.39"]
[White "Ivanisevic, Ivan"]
[Black "Alishani, Ibrahim"]
[Result "1-0"]
[WhiteElo "2633"]
[BlackElo "2110"]
[PlyCount "55"]
[EventDate "2014.03.29"]
[EventType "swiss"]
[EventRounds "9"]

1. d4 Nf6 2. c4 e6 3. Nc3 b6 4. e4 Bb4 5. Bd3 Bb7 6. Qc2 d6 7. Qa4+ Nc6 8. d5
Bxc3+ 9. bxc3 Qd7 10. dxc6 Bxc6 11. Qc2 e5 12. Ne2 Qg4 13. Ng3 h6 14. f3 Qe6
15. Nf5 Rg8 16. O-O g5 17. Qe2 h5 18. c5 bxc5 19. Bc4 Qd7 20. Be3 g4 21. Nh6
Rg7 22. fxg4 Nxe4 23. Bxf7+ Kd8 24. Bxh5 Nxc3 25. Qe1 Nd5 26. Rf8+ Ke7 27. Rxa8
Bxa8 28. Nf5+ 1-0

[Event "Skopje MKD"]
[Site "Skopje MKD"]
[Date "2014.04.05"]
[Round "9.40"]
[White "Dimitrov, Pavel"]
[Black "Can, Emre"]
[Result "0-1"]
[WhiteElo "2333"]
[BlackElo "2524"]
[PlyCount "184"]
[EventDate "2014.03.29"]
[EventType "swiss"]
[EventRounds "9"]

1. e4 c5 2. b4 cxb4 3. a3 bxa3 4. Bxa3 d6 5. d4 Nf6 6. Bd3 g6 7. Nf3 Bg7 8. c3
O-O 9. O-O Nc6 10. Nbd2 b6 11. h3 Bb7 12. Re1 Rc8 13. Qe2 Qc7 14. Rac1 Qb8 15.
Bc4 Na5 16. Ba2 Rc7 17. e5 dxe5 18. Nxe5 Nd5 19. Ne4 Qe8 20. Ng5 h6 21. Ngf3
Qa4 22. Qb2 Rfc8 23. c4 Nf4 24. Re3 Bxf3 25. Rxf3 Bxe5 26. dxe5 Nxc4 27. Rxc4
Rxc4 28. Bxc4 Rxc4 29. Kh2 Qd1 30. Qb5 Qa4 31. Qxa4 Rxa4 32. Bxe7 Rc4 33. Ra3
a5 34. Rb3 Nd5 35. Bd6 Rc6 36. Rd3 Nf4 37. Rb3 f5 38. Be7 Kf7 39. Bd6 Nd5 40.
g4 Nc3 41. Kg2 b5 42. Kf3 Ke6 43. Ke3 a4 44. Ra3 b4 45. Bxb4 Nd5+ 46. Kd4 Nxb4
47. Rxa4 Nc2+ 48. Kd3 Kxe5 49. f4+ Ke6 50. Kd2 Kd5 51. Kd3 Ne1+ 52. Ke2 Re6+
53. Kf2 Nd3+ 54. Kf3 Nc5 55. Ra8 Nb3 56. Rd8+ Kc4 57. Rh8 Nd4+ 58. Kf2 Kd3 59.
Rxh6 Ke4 60. gxf5 gxf5 61. Rh8 Ra6 62. h4 Kxf4 63. h5 Ra2+ 64. Ke1 Rh2 65. h6
Nf3+ 66. Kf1 Ng5 67. Kg1 Rh5 68. Kg2 Nf7 69. Ra8 Rxh6 70. Ra4+ Kg5 71. Kg3 Rd6
72. Rb4 Rd3+ 73. Kf2 Nd6 74. Ke2 Ra3 75. Rd4 Ne4 76. Rd8 Kf4 77. Rh8 Ra2+ 78.
Ke1 Kf3 79. Rh3+ Ng3 80. Rh8 f4 81. Rb8 Kg2 82. Rf8 f3 83. Rf7 f2+ 84. Kd1
f1=Q+ 85. Rxf1 Nxf1 86. Ke1 Kf3 87. Kd1 Ke3 88. Kc1 Kd3 89. Kb1 Rc2 90. Ka1 Kc3
91. Kb1 Kb3 92. Ka1 Rc1# 0-1

[Event "Skopje MKD"]
[Site "Skopje MKD"]
[Date "2014.04.05"]
[Round "9.42"]
[White "Arsovic, Zoran"]
[Black "Radovanovic, Nikola"]
[Result "1-0"]
[WhiteElo "2450"]
[BlackElo "2308"]
[PlyCount "96"]
[EventDate "2014.03.29"]
[EventType "swiss"]
[EventRounds "9"]

1. Nf3 Nf6 2. c4 e6 3. g3 b6 4. Bg2 Bb7 5. O-O c5 6. Nc3 a6 7. b3 Be7 8. d4
cxd4 9. Qxd4 Nc6 10. Qf4 O-O 11. Rd1 d6 12. Ba3 d5 13. cxd5 exd5 14. Bxe7 Nxe7
15. Rac1 b5 16. a4 bxa4 17. Nxa4 Bc6 18. Nc5 Qb6 19. Nd4 Rfd8 20. Qe3 Re8 21.
Qc3 Rec8 22. Bh3 Rd8 23. Nxc6 Qxc6 24. Qe3 Qe8 25. Ra1 Nc6 26. Qxe8+ Rxe8 27.
e3 a5 28. Nd7 Nb4 29. Nxf6+ gxf6 30. Rac1 Red8 31. Rd4 Rdb8 32. Bf5 h6 33. Kg2
Ra7 34. Rg4+ Kf8 35. Rh4 Kg7 36. h3 Re8 37. Rc5 Re5 38. Rg4+ Kf8 39. Rc8+ Ke7
40. Bb1 Rg5 41. Rh4 Rd7 42. Rd4 Re5 43. Kf3 Rd6 44. Rc7+ Ke6 45. g4 Rc6 46.
Bf5+ Kd6 47. Rxf7 Rc3 48. Rxf6+ Kc7 {...} 1-0

[Event "Skopje MKD"]
[Site "Skopje MKD"]
[Date "2014.04.05"]
[Round "9.43"]
[White "Marjanovic, Dejan"]
[Black "Abramovic, Bosko"]
[Result "1-0"]
[WhiteElo "2313"]
[BlackElo "2437"]
[PlyCount "67"]
[EventDate "2014.03.29"]
[EventType "swiss"]
[EventRounds "9"]

1. Nf3 Nf6 2. c4 g6 3. Nc3 Bg7 4. d4 d6 5. e4 O-O 6. h3 c5 7. d5 e5 8. Bg5 Nbd7
9. Be2 Kh8 10. Nd2 Rg8 11. g4 Qf8 12. Be3 Ne8 13. Nf1 Bf6 14. h4 Bd8 15. Ng3
Ba5 16. Qd2 Qe7 17. g5 a6 18. h5 Nf8 19. a3 Bd7 20. b4 Bb6 21. Rb1 cxb4 22.
Bxb6 bxc3 23. Qxc3 Qxg5 24. Be3 Qd8 25. Rxb7 Rb8 26. Rxb8 Qxb8 27. Qb4 Qc8 28.
c5 gxh5 29. Bxh5 Ng6 30. c6 Bg4 31. Qb7 Nf6 32. Bg5 Kg7 33. Bxg4 Qxg4 34. Nf5+
1-0

[Event "Skopje MKD"]
[Site "Skopje MKD"]
[Date "2014.04.05"]
[Round "9.44"]
[White "Kohlweyer, Bernd"]
[Black "Doncevic, Dario"]
[Result "1-0"]
[WhiteElo "2416"]
[BlackElo "2304"]
[PlyCount "57"]
[EventDate "2014.03.29"]
[EventType "swiss"]
[EventRounds "9"]

1. d4 Nf6 2. c4 g6 3. f3 d5 4. cxd5 Nxd5 5. e4 Nb6 6. Nc3 Bg7 7. Be3 O-O 8. Qd2
Nc6 9. O-O-O Qd6 10. Nb5 Qd7 11. Kb1 Rd8 12. d5 a6 13. Nc3 Ne5 14. Qc1 Na4 15.
Bd4 c5 16. Nxa4 Qxa4 17. Bxc5 e6 18. d6 Bd7 19. b3 Qa5 20. Qa3 Qxa3 21. Bxa3 f5
22. exf5 exf5 23. Nh3 Bc6 24. Nf4 Kf7 25. Nd5 b5 26. Be2 a5 27. Nc7 Rab8 28.
Rhe1 f4 29. Bb2 1-0

[Event "Skopje MKD"]
[Site "Skopje MKD"]
[Date "2014.04.05"]
[Round "9.45"]
[White "Dragnev, Valentin"]
[Black "Stanojoski, Zvonko"]
[Result "0-1"]
[WhiteElo "2205"]
[BlackElo "2415"]
[PlyCount "88"]
[EventDate "2014.03.29"]
[EventType "swiss"]
[EventRounds "9"]

1. e4 c5 2. d4 cxd4 3. c3 d3 4. Bxd3 Nc6 5. c4 g6 6. Nf3 Bg7 7. O-O d6 8. h3
Nf6 9. Nc3 O-O 10. Be3 Nd7 11. Rc1 Nc5 12. Bb1 a5 13. b3 b6 14. Qd2 a4 15. Bxc5
Bxc3 16. Rxc3 bxc5 17. Qh6 f6 18. e5 Qe8 19. exd6 exd6 20. Nh4 f5 21. Rg3 Rf6
22. Re3 Qf8 23. Qxf8+ Kxf8 24. f4 axb3 25. axb3 Re6 26. Rd3 Nd4 27. Nf3 Ne2+
28. Kf2 Nxf4 29. Rd2 h6 30. g4 fxg4 31. hxg4 Rf6 32. Rfd1 Ra6 33. Kg3 g5 34. b4
Bb7 35. bxc5 Ra3 36. Rf2 Bxf3 37. Rxf3 Ne2+ 38. Kf2 Rfxf3+ 39. Kxe2 Rae3+ 40.
Kd2 dxc5 41. Bf5 Ra3 42. Re1 Rf2+ 43. Kc1 Rxf5 44. gxf5 Ra1+ 0-1

[Event "Skopje MKD"]
[Site "Skopje MKD"]
[Date "2014.04.05"]
[Round "9.46"]
[White "Valsecchi, Alessio"]
[Black "Dragicevic, Drazen"]
[Result "1/2-1/2"]
[WhiteElo "2407"]
[BlackElo "2293"]
[PlyCount "96"]
[EventDate "2014.03.29"]
[EventType "swiss"]
[EventRounds "9"]

1. e4 c5 2. Nf3 Nc6 3. Bb5 g6 4. O-O Bg7 5. Re1 Nf6 6. e5 Nd5 7. Nc3 Nc7 8.
Bxc6 dxc6 9. Ne4 b6 10. Nf6+ Kf8 11. Ne4 Bg4 12. h3 Bxf3 13. Qxf3 Qd5 14. d3
Ne6 15. a4 Qxe5 16. a5 b5 17. Be3 Rc8 18. c3 Qd5 19. a6 h6 20. Ra5 f5 21. c4
Qd8 22. Ra2 Nd4 23. Bxd4 Bxd4 24. Ng3 Qd6 25. b3 Kg7 26. Ne2 Bf6 27. cxb5 cxb5
28. Nf4 e5 29. Qb7+ Qe7 30. Qxb5 Rb8 31. Qc4 Rb4 32. Nd5 Rxc4 33. Nxe7 Rb4 34.
Nc6 Rxb3 35. Nxe5 Re8 36. Rae2 Ra3 37. Nd7 Rxe2 38. Rxe2 Rxa6 39. Nxc5 Rc6 40.
d4 Kf7 41. Ra2 Bxd4 42. Rxa7+ Ke8 43. Ra8+ Ke7 44. Nb3 Bb6 45. Ra2 Rc3 46. Rb2
g5 47. Kf1 f4 48. Nd2 Rc1+ 1/2-1/2

[Event "Skopje MKD"]
[Site "Skopje MKD"]
[Date "2014.04.05"]
[Round "9.47"]
[White "Westerberg, Jonathan"]
[Black "Tomazini, Zan"]
[Result "0-1"]
[WhiteElo "2402"]
[BlackElo "2286"]
[PlyCount "120"]
[EventDate "2014.03.29"]
[EventType "swiss"]
[EventRounds "9"]

1. e4 g6 2. d4 Bg7 3. Nf3 d6 4. Bc4 Nf6 5. Qe2 O-O 6. e5 Ne8 7. h3 c5 8. dxc5
Qa5+ 9. Nc3 dxe5 10. Be3 Nc6 11. O-O Nd4 12. Bxd4 exd4 13. Nd5 e6 14. b4 Qd8
15. Nf4 b6 16. Ne5 bxc5 17. bxc5 Qc7 18. Nfd3 Bb7 19. Rab1 Kh8 20. Rb3 Nf6 21.
Rfb1 Be4 22. c6 Bxc6 23. Nxc6 Qxc6 24. Ne5 Qe4 25. Rb7 Qxe2 26. Bxe2 Kg8 27.
Nc6 Nd5 28. Bf3 Nc3 29. R1b2 e5 30. Ne7+ Kh8 31. Bc6 e4 32. Rd7 Rad8 33. Rbb7
d3 34. cxd3 exd3 35. Nd5 d2 36. Nxc3 Bxc3 37. Bf3 a5 38. g3 Rxd7 39. Rxd7 Rb8
40. Kg2 Rb1 41. Rd3 Rc1 42. Be2 a4 43. Kf3 a3 44. h4 Kg7 45. Ke3 Bb4 46. Kf3
Rc2 47. Rd4 Bc5 48. Rd5 Be7 49. Bd1 Rxa2 50. Ke2 Bb4 51. Rd4 Rb2 52. Rd8 Ba5
53. Rd3 Bb4 54. Rd8 Kf6 55. Ra8 Ke5 56. Ra7 Rb1 57. f4+ Kd4 58. Rd7+ Kc5 59.
Rxf7 Ra1 60. Ra7 a2 0-1

[Event "Skopje MKD"]
[Site "Skopje MKD"]
[Date "2014.04.05"]
[Round "9.48"]
[White "Kojovic, Dragan"]
[Black "Bojovic, Dusan"]
[Result "1-0"]
[WhiteElo "2387"]
[BlackElo "2284"]
[PlyCount "89"]
[EventDate "2014.03.29"]
[EventType "swiss"]
[EventRounds "9"]

1. d4 Nf6 2. Nc3 d5 3. Bg5 Bf5 4. Bxf6 gxf6 5. e3 e6 6. h4 Rg8 7. Nge2 Qd6 8.
Qd2 a6 9. O-O-O Nd7 10. f3 Nb6 11. Nf4 h6 12. g4 Bh7 13. Nh5 Be7 14. Bd3 Bxd3
15. cxd3 c5 16. dxc5 Qxc5 17. Kb1 Rc8 18. Ne2 Kd7 19. Rc1 Qd6 20. Qa5 Rxc1+ 21.
Rxc1 f5 22. gxf5 Bxh4 23. fxe6+ fxe6 24. Nd4 Be7 25. Nb3 Rc8 26. Rxc8 Nxc8 27.
Qa4+ b5 28. Qd4 Qh2 29. Qg4 Qe2 30. Qxe6+ Kxe6 31. Nd4+ Ke5 32. f4+ Kd6 33.
Nxe2 Bh4 34. Kc2 Ne7 35. Nd4 Kc5 36. Kd2 a5 37. Ke2 Ng8 38. Nf5 Bd8 39. Kd2 a4
40. Kc2 b4 41. b3 a3 42. e4 Ne7 43. d4+ Kc6 44. Nxe7+ Bxe7 45. e5 1-0

[Event "Skopje MKD"]
[Site "Skopje MKD"]
[Date "2014.04.05"]
[Round "9.49"]
[White "Megalios, Konstantinos"]
[Black "Milenkovic, Mladen"]
[Result "1-0"]
[WhiteElo "2192"]
[BlackElo "2373"]
[PlyCount "63"]
[EventDate "2014.03.29"]
[EventType "swiss"]
[EventRounds "9"]

1. d4 Nf6 2. c4 e6 3. Nc3 Bb4 4. a3 Bxc3+ 5. bxc3 c5 6. f3 d5 7. cxd5 exd5 8.
e3 O-O 9. Bd3 b6 10. Ne2 Ba6 11. O-O Re8 12. Ng3 Bxd3 13. Qxd3 Nc6 14. Bb2 Na5
15. e4 Nc4 16. Bc1 cxd4 17. cxd4 b5 18. e5 Nd7 19. f4 Qb6 20. Kh1 Kh8 21. f5 a5
22. Nh5 f6 23. e6 Nb8 24. Rf4 Nc6 25. Rh4 g5 26. fxg6 Rxe6 27. g7+ Kg8 28.
Nxf6+ Kf7 29. Bg5 Rxf6 30. Bxf6 Kxf6 31. Rf1+ Ke6 32. Rh6+ 1-0

[Event "Skopje MKD"]
[Site "Skopje MKD"]
[Date "2014.04.05"]
[Round "9.50"]
[White "Codenotti, Marco"]
[Black "Zupe, Miran"]
[Result "0-1"]
[WhiteElo "2362"]
[BlackElo "2278"]
[PlyCount "88"]
[EventDate "2014.03.29"]
[EventType "swiss"]
[EventRounds "9"]

1. e4 e5 2. Nf3 Nc6 3. Bb5 a6 4. Ba4 Nf6 5. O-O Be7 6. Re1 b5 7. Bb3 d6 8. c3
O-O 9. d4 Bg4 10. d5 Na5 11. Bc2 c6 12. h3 Bxf3 13. Qxf3 Qc8 14. dxc6 Nxc6 15.
Bg5 h6 16. Bxf6 Bxf6 17. Bb3 Rb8 18. Na3 Be7 19. Rac1 g6 20. Nc2 Kg7 21. Bd5
Bg5 22. Rcd1 a5 23. g3 b4 24. h4 Be7 25. Rc1 bxc3 26. Qxc3 Nb4 27. Nxb4 Qxc3
28. bxc3 axb4 29. cxb4 Rxb4 30. Rc7 Bd8 31. Rd7 Bb6 32. Rb7 Rb2 33. Re3 Bxe3
34. Rxb2 Bd4 35. Rb7 h5 36. a4 Kh6 37. Rxf7 Rc8 38. Kg2 Rc1 39. f3 Rc2+ 40. Kh3
Bg1 41. g4 g5 42. Rf6+ Kg7 43. hxg5 Rh2+ 44. Kg3 h4# 0-1

[Event "Skopje MKD"]
[Site "Skopje MKD"]
[Date "2014.04.05"]
[Round "9.51"]
[White "Draskovic, Luka"]
[Black "Papadimitriou, Athanasios"]
[Result "1-0"]
[WhiteElo "2360"]
[BlackElo "2261"]
[PlyCount "157"]
[EventDate "2014.03.29"]
[EventType "swiss"]
[EventRounds "9"]

1. e4 d5 2. exd5 Nf6 3. Nf3 Nxd5 4. d4 g6 5. c4 Nb6 6. Nc3 Bg7 7. c5 Nd5 8. Bc4
c6 9. O-O O-O 10. h3 b6 11. cxb6 axb6 12. Re1 Na6 13. Bg5 Nac7 14. Qd2 Be6 15.
Ne4 Nf6 16. Bxe6 Nxe6 17. Bxf6 exf6 18. Nc3 Nc7 19. Qc2 Nd5 20. Qb3 Nf4 21.
Rad1 Ra5 22. Re4 g5 23. Re3 f5 24. Ne5 Qc7 25. Qc2 c5 26. Ne2 Nd5 27. Rg3 cxd4
28. Qxc7 Nxc7 29. Nc6 f4 30. Nxa5 fxg3 31. Nc6 gxf2+ 32. Kxf2 Ne6 33. Nexd4
Nxd4 34. Nxd4 Ra8 35. a3 Rd8 36. Ke3 Re8+ 37. Kf3 Rd8 38. Ke3 Re8+ 39. Kf3 h6
40. Rd2 Rd8 41. Ke3 Be5 42. Ke4 Bf4 43. Rc2 Re8+ 44. Kd5 Kh7 45. Rc6 Bh2 46.
Nf3 Bg3 47. Rxb6 Re2 48. a4 Rxg2 49. b4 Ra2 50. a5 Bc7 51. Rb5 Ra3 52. Nd4 h5
53. Kc6 Bd8 54. Kb7 Bf6 55. Nc6 Kg6 56. a6 g4 57. hxg4 hxg4 58. Rc5 g3 59. Rc2
Bc3 60. b5 f5 61. a7 Bf6 62. a8=Q Rxa8 63. Kxa8 f4 64. b6 f3 65. b7 f2 66. b8=Q
f1=Q 67. Qxg3+ Kf7 68. Qb3+ Kg7 69. Qb7+ Kg6 70. Rg2+ Kh6 71. Rh2+ Kg5 72. Ra2
Qc4 73. Ra5+ Kh6 74. Qd7 Qg8+ 75. Ka7 Qg1+ 76. Kb7 Qg2 77. Rb5 Qe4 78. Qf7 Bg5
79. Re5 1-0

[Event "Skopje MKD"]
[Site "Skopje MKD"]
[Date "2014.04.05"]
[Round "9.52"]
[White "Blagojevic, Tijana"]
[Black "Tesik, Csaba"]
[Result "1/2-1/2"]
[WhiteElo "2028"]
[BlackElo "2344"]
[PlyCount "53"]
[EventDate "2014.03.29"]
[EventType "swiss"]
[EventRounds "9"]

1. e4 c5 2. Nf3 e6 3. d4 cxd4 4. Nxd4 a6 5. Nc3 Qc7 6. Bd3 Bd6 7. Qg4 h5 8. Qh4
Ne7 9. Nde2 Ng6 10. Qg5 Be7 11. Qg3 Qxg3 12. hxg3 Ne5 13. Nf4 g6 14. Be2 Bf6
15. Be3 b5 16. Bc5 Be7 17. Bxe7 Kxe7 18. g4 h4 19. g5 Bb7 20. a3 Nbc6 21. O-O-O
Rac8 22. Nd3 d6 23. Nxe5 dxe5 24. Rh3 Nd4 25. Bd3 Rh5 26. Rdh1 Rxg5 27. Bf1
1/2-1/2

[Event "Skopje MKD"]
[Site "Skopje MKD"]
[Date "2014.04.05"]
[Round "9.53"]
[White "Vucinic, Gojko"]
[Black "Ketzetzis, Georgios"]
[Result "1-0"]
[WhiteElo "2343"]
[BlackElo "2183"]
[PlyCount "93"]
[EventDate "2014.03.29"]
[EventType "swiss"]
[EventRounds "9"]

1. e4 e6 2. d4 d5 3. Nc3 Bb4 4. e5 c5 5. a3 Bxc3+ 6. bxc3 Ne7 7. Qg4 cxd4 8.
Qxg7 Rg8 9. Qxh7 Qc7 10. Ne2 Nbc6 11. f4 dxc3 12. Qd3 d4 13. h4 b6 14. Nxd4
Nxd4 15. Qxd4 Nf5 16. Bb5+ Bd7 17. Bxd7+ Qxd7 18. Qxd7+ Kxd7 19. Kf2 Rg4 20. h5
Rag8 21. Rh2 Nh4 22. g3 Nf5 23. Be3 Rxg3 24. Rd1+ Ke7 25. Rd3 Rxe3 26. Rxe3
Nxe3 27. Kxe3 Kf8 28. h6 Rg3+ 29. Kf2 Rg8 30. Rh3 Rh8 31. Ke2 Kg8 32. Kd3 Kh7
33. Kxc3 Rg8 34. Kd4 Rc8 35. c4 Rd8+ 36. Ke4 Rd1 37. Rh5 Re1+ 38. Kf3 Ra1 39.
Kg4 Rxa3 40. Kg5 Rd3 41. Kf6 Rd7 42. Rg5 Kxh6 43. Rg7 a5 44. f5 Rd4 45. Rxf7
exf5 46. Rf8 Kh7 47. e6 1-0

[Event "Skopje MKD"]
[Site "Skopje MKD"]
[Date "2014.04.05"]
[Round "9.54"]
[White "Oltian, Vata"]
[Black "Dinev, Dejan"]
[Result "0-1"]
[WhiteElo "2022"]
[BlackElo "2342"]
[PlyCount "106"]
[EventDate "2014.03.29"]
[EventType "swiss"]
[EventRounds "9"]

1. e4 c5 2. Nf3 d6 3. Bb5+ Bd7 4. Bxd7+ Qxd7 5. O-O Nc6 6. c3 Nf6 7. Re1 e6 8.
d4 Be7 9. Bg5 Rd8 10. Nbd2 O-O 11. a3 b6 12. Qc2 Rfe8 13. Rad1 cxd4 14. cxd4
Rc8 15. Qd3 h6 16. Bxf6 Bxf6 17. Rc1 g6 18. Rc2 Bg7 19. Rec1 Ne7 20. Kf1 Rxc2
21. Rxc2 Rc8 22. Rxc8+ Qxc8 23. Ke2 f5 24. exf5 gxf5 25. Qc4 Qd7 26. Nf1 b5 27.
Qb3 Nd5 28. Ne3 Ne7 29. g3 Kh8 30. Qd3 a6 31. h3 Qe8 32. Kf1 Qh5 33. Kg2 f4 34.
g4 Qe8 35. Nf1 Qa8 36. N1d2 Qc8 37. Qe4 Nd5 38. Nh4 Bf6 39. Ndf3 Bxh4 40. Nxh4
Qc4 41. Ng6+ Kg7 42. Nh4 Ne7 43. Nf3 Qd5 44. Qxf4 Ng6 45. Qg3 Qe4 46. Kh2 Nf4
47. Ng1 Qxd4 48. h4 e5 49. h5 Qxb2 50. g5 Qc2 51. gxh6+ Kxh6 52. Nf3 Qf5 53.
Nh4 Qxh5 0-1

[Event "Skopje MKD"]
[Site "Skopje MKD"]
[Date "2014.04.05"]
[Round "9.55"]
[White "Demircioglu, Emre"]
[Black "Nikolova, Adriana"]
[Result "0-1"]
[WhiteElo "2152"]
[BlackElo "2341"]
[PlyCount "82"]
[EventDate "2014.03.29"]
[EventType "swiss"]
[EventRounds "9"]

1. d4 d5 2. c4 c6 3. Nf3 Nf6 4. e3 Bg4 5. Qb3 Qc7 6. cxd5 Bxf3 7. gxf3 Nxd5 8.
Nc3 e6 9. Bd2 Be7 10. Rc1 Nb6 11. Be2 N8d7 12. Ne4 Nd5 13. O-O g5 14. Kh1 Rg8
15. Rg1 Rg6 16. Rg2 Rh6 17. Bc4 Rh3 18. Qd1 O-O-O 19. Rg3 Rh6 20. Qg1 f6 21.
Nc3 Nxc3 22. Bxc3 f5 23. Qg2 Rg8 24. e4 Rgg6 25. Re1 Bd8 26. Bd3 Qf4 27. Re2
Rh5 28. Bd2 Qh4 29. exf5 Rgh6 30. f4 gxf4 31. Rg4 f3 32. Rxh4 fxg2+ 33. Kxg2
Rxh4 34. Bxh6 exf5 35. Be3 f4 36. Bd2 f3+ 37. Kxf3 Rh3+ 38. Ke4 Nf6+ 39. Kf5
Rxd3 40. Bg5 Rf3+ 41. Ke6 Nd7 0-1

[Event "Skopje MKD"]
[Site "Skopje MKD"]
[Date "2014.04.05"]
[Round "9.57"]
[White "Yildiz, Betul Cemre"]
[Black "Van der Merwe, Cecile Henriette"]
[Result "1/2-1/2"]
[WhiteElo "2337"]
[BlackElo "2026"]
[PlyCount "74"]
[EventDate "2014.03.29"]
[EventType "swiss"]
[EventRounds "9"]

1. d4 Nf6 2. Nf3 g6 3. c4 Bg7 4. g3 c6 5. Bg2 O-O 6. O-O d5 7. Nbd2 Ne4 8. e3
Bf5 9. Qe2 Nd7 10. Nh4 Nxd2 11. Bxd2 Be6 12. cxd5 cxd5 13. f4 Nf6 14. f5 Bd7
15. fxg6 hxg6 16. Bb4 Re8 17. Qd3 Qb6 18. Qa3 Qe6 19. Rac1 a5 20. Bd2 Bb5 21.
Rfe1 Ne4 22. Bxe4 Qxe4 23. Rc5 Bd7 24. Rxa5 Rxa5 25. Qxa5 g5 26. Ng2 Bh3 27.
Re2 Rc8 28. Qb5 Rc2 29. Rf2 Bxg2 30. Rxg2 Bxd4 31. exd4 Rxd2 32. Rxd2 Qe1+ 33.
Qf1 Qxd2 34. Qf2 Qd3 35. a3 Qb1+ 36. Kg2 Qe4+ 37. Kg1 Qb1+ 1/2-1/2

[Event "Skopje MKD"]
[Site "Skopje MKD"]
[Date "2014.04.05"]
[Round "9.58"]
[White "Dancevski, Orce"]
[Black "Petrov, Georgi"]
[Result "1/2-1/2"]
[WhiteElo "2388"]
[BlackElo "2210"]
[PlyCount "24"]
[EventDate "2014.03.29"]
[EventType "swiss"]
[EventRounds "9"]

1. d4 Nf6 2. c4 e6 3. g3 d5 4. Nf3 c6 5. Bg2 Nbd7 6. Qc2 Bd6 7. O-O O-O 8. Nbd2
Re8 9. Rd1 Qe7 10. e4 dxe4 11. Nxe4 Nxe4 12. Qxe4 e5 1/2-1/2

[Event "Skopje MKD"]
[Site "Skopje MKD"]
[Date "2014.04.05"]
[Round "9.59"]
[White "Balokas, Dimitrios"]
[Black "Posedaru, Bogdan Stefan"]
[Result "1/2-1/2"]
[WhiteElo "2085"]
[BlackElo "2381"]
[PlyCount "69"]
[EventDate "2014.03.29"]
[EventType "swiss"]
[EventRounds "9"]

1. d4 d5 2. c4 e6 3. Nc3 Nf6 4. Nf3 c6 5. e3 Nbd7 6. Qc2 Bd6 7. Bd3 O-O 8. O-O
dxc4 9. Bxc4 b5 10. Bd3 Bb7 11. Ng5 g6 12. Nce4 Nxe4 13. Nxe4 Be7 14. a3 a5 15.
Rb1 b4 16. Rd1 Qb6 17. Bd2 c5 18. dxc5 Nxc5 19. Nxc5 Bxc5 20. Be4 Bxe4 21. Qxe4
Rfd8 22. Be1 Bf8 23. h3 Rab8 24. axb4 axb4 25. Rxd8 Rxd8 26. Rc1 Qb5 27. g3 Qd3
28. Qxd3 Rxd3 29. Kf1 Rb3 30. Rc2 e5 31. Ke2 e4 32. Bd2 Bd6 33. Rc6 Be5 34. Rb6
Rxb2 35. Rxb4 1/2-1/2

[Event "Skopje MKD"]
[Site "Skopje MKD"]
[Date "2014.04.05"]
[Round "9.60"]
[White "Toth, Aleksandar"]
[Black "Tscharotschkin, Michael"]
[Result "1-0"]
[WhiteElo "2306"]
[BlackElo "2203"]
[PlyCount "87"]
[EventDate "2014.03.29"]
[EventType "swiss"]
[EventRounds "9"]

1. e4 e6 2. d3 d5 3. Nd2 Nf6 4. Ngf3 c5 5. g3 Nc6 6. Bg2 Be7 7. O-O O-O 8. e5
Nd7 9. Re1 f6 10. exf6 Nxf6 11. Qe2 Bd6 12. c4 d4 13. Ng5 e5 14. Nde4 Bf5 15.
Nxf6+ Qxf6 16. Ne4 Qg6 17. h3 Kh8 18. Bd2 Be7 19. a3 Qe6 20. Kh2 a5 21. Rf1 a4
22. Rae1 Ra6 23. f4 Rb6 24. Bc1 exf4 25. Rxf4 Bg6 26. Rxf8+ Bxf8 27. Qf2 Qg8
28. Qf4 Be7 29. Qc7 Bd8 30. Qc8 Be7 31. Qc7 Bd8 32. Qc8 Be7 33. Qd7 Be8 34. Qc7
Bd8 35. Qc8 Bg6 36. Nxc5 Ne7 37. Qd7 Nf5 38. Bd5 Qf8 39. Ne6 Rxe6 40. Qxe6 Bc7
41. Bf4 Ne3 42. Bxe3 dxe3 43. Rf1 Qb8 44. Qxe3 1-0

[Event "Skopje MKD"]
[Site "Skopje MKD"]
[Date "2014.04.05"]
[Round "9.61"]
[White "Basso, Pier Luigi"]
[Black "Ilic, Ljubomir"]
[Result "1-0"]
[WhiteElo "2304"]
[BlackElo "2195"]
[PlyCount "87"]
[EventDate "2014.03.29"]
[EventType "swiss"]
[EventRounds "9"]

1. b3 e5 2. Bb2 Nc6 3. e3 Nf6 4. Bb5 d6 5. Bxc6+ bxc6 6. Ne2 Be7 7. O-O O-O 8.
f4 exf4 9. Nxf4 Bd7 10. Qf3 g6 11. d3 Ne8 12. Nh5 f5 13. Nf4 Bf6 14. Bxf6 Nxf6
15. Nd2 Qe7 16. Rae1 Rae8 17. h3 d5 18. c4 Be6 19. Qd1 Bf7 20. g3 Qd6 21. Qa1
g5 22. c5 Qe7 23. Ng2 Bg6 24. Qd4 Nd7 25. b4 a5 26. a3 axb4 27. axb4 Qe5 28.
Kh2 Bh5 29. Nb3 Rb8 30. Na5 Rf6 31. Rf2 Re6 32. Rb1 Bg6 33. Ne1 Qxd4 34. exd4
h6 35. Nf3 f4 36. gxf4 Bxd3 37. Re1 Be4 38. f5 Bxf5 39. Rxe6 Bxe6 40. Re2 Bf7
41. Nxc6 Re8 42. Rxe8+ Bxe8 43. Ne7+ Kf8 44. Nxd5 1-0

[Event "Skopje MKD"]
[Site "Skopje MKD"]
[Date "2014.04.05"]
[Round "9.62"]
[White "Ilic, Zoran S"]
[Black "Glavinac, Goran"]
[Result "0-1"]
[WhiteElo "2297"]
[BlackElo "2164"]
[PlyCount "58"]
[EventDate "2014.03.29"]
[EventType "swiss"]
[EventRounds "9"]

1. d4 f5 2. Nf3 Nf6 3. g3 e6 4. Bg2 d5 5. c4 c6 6. O-O Bd6 7. Qc2 O-O 8. Nc3
Nbd7 9. Rb1 Ne4 10. b4 Ndf6 11. Ne5 Nxc3 12. Qxc3 Ne4 13. Qc2 Bd7 14. b5 cxb5
15. cxd5 Bxe5 16. dxe5 exd5 17. a4 a6 18. Qd3 Bc6 19. Qd4 bxa4 20. h4 Qe7 21.
Bb2 Qc5 22. Rfd1 Qxd4 23. Bxd4 f4 24. g4 Bb5 25. Rb2 Rac8 26. Bf3 Rc6 27. Ba7
a3 28. Ra2 Nc3 29. Bxd5+ Nxd5 0-1

[Event "Skopje MKD"]
[Site "Skopje MKD"]
[Date "2014.04.05"]
[Round "9.63"]
[White "Hoffmann, Max"]
[Black "Minko, Vladimir"]
[Result "0-1"]
[WhiteElo "2063"]
[BlackElo "2295"]
[PlyCount "78"]
[EventDate "2014.03.29"]
[EventType "swiss"]
[EventRounds "9"]

1. Nf3 b6 2. g3 Bb7 3. Bg2 g6 4. c4 Bg7 5. Nc3 e6 6. e4 Ne7 7. Qe2 O-O 8. O-O
c5 9. Re1 Nbc6 10. d3 a6 11. g4 d6 12. Bg5 h6 13. Bf4 g5 14. Bg3 Ng6 15. Qd2
Nce5 16. h3 Nxf3+ 17. Bxf3 Be5 18. Ne2 Qf6 19. Bg2 Rad8 20. Rab1 d5 21. exd5
exd5 22. Bxe5 Nxe5 23. f4 Ng6 24. fxg5 Qxg5 25. Qxg5 hxg5 26. b4 Ba8 27. bxc5
bxc5 28. cxd5 Bxd5 29. Be4 Bxe4 30. dxe4 Rd3 31. Rb3 Rd2 32. Rc3 Ne5 33. Rxc5
Nf3+ 34. Kf2 Nxe1 35. Rxg5+ Kh7 36. Kxe1 Rxa2 37. e5 Rb8 38. e6 Rb1+ 39. Kf2
Rbb2 0-1